Modelovanie longitudálnej klonálnej evolučnej histórie nádorového procesu

Gespeichert in:
Bibliographische Detailangaben
1. Verfasser: Kamas, Samuel (Verfasst von)
Weitere Verfasser: Kováčová, Monika (Betreuung Doktorarbeit)
Format: Manuskript Buch
Sprache:Slowakisch
Veröffentlicht: 2025
Schlagworte:
Online-Zugang:http://is.stuba.sk/zp/portal_zp.pl?podrobnosti=177098
Tags: Tag hinzufügen
Keine Tags, Fügen Sie das erste Tag hinzu!

MARC

LEADER 00000ntm a22000003a 4500
001 stuzp105774
003 SK-STU
005 20250607211542.4
007 ta
008 150427s2015----xo-----f-mn---000-0-slo-d
040 |a STU  |b slo 
041 0 |a slo 
100 1 |a Kamas, Samuel  |u 070200  |4 aut  |U FIIT Fakulta informatiky a informačných technológií  |T FIIT Ústav informatiky, informačných systémov a softvérového inžinierstva  |X 102978  |U I200  |Y 179  |7 102978 
242 0 1 |a Modeling Longitudal Clonal Evolutionary History of the Tumour Process  |y eng 
245 1 0 |a Modelovanie longitudálnej klonálnej evolučnej histórie nádorového procesu 
260 |c 2025 
650 4 |a model  |2 eng 
650 4 |a differential equations  |2 eng 
650 4 |a cancer  |2 eng 
650 4 |a diferenciálne rovnice  |2 slo 
650 4 |a model  |2 slo 
650 4 |a rakovina  |2 slo 
700 1 |a Kováčová, Monika  |u 070200  |k Z1  |4 ths  |U FIIT Fakulta informatiky a informačných technológií  |T FIIT Ústav informatiky, informačných systémov a softvérového inžinierstva  |X 2333  |U I200  |Y 179  |7 A000002333 
856 4 |u http://is.stuba.sk/zp/portal_zp.pl?podrobnosti=177098